Auton osat visa #1 - Statistics

Yleistilastot
  • Tätä visaa on pelattu 333 kertaa
    294 viimeisimmän päivityksen jälkeen
  • Keskiarvotulos 8 / 16
Vastaustilastot
Kuvavisa Vastaus % Oikein
Jäähdytin
76%
Jarrulevy
71%
Turboahdin
69%
Kytkin
68%
Jarrupala
65%
Kampiakseli
64%
Jarrusatula
57%
Iskunvaimennin
55%
Startti
45%
Laturi
44%
Öljynsuodatin
42%
Kardaani
39%
Vetoakseli
39%
Pyyhkijänsulka
29%
Jäähdytysnestesäiliö
20%
Polttoainepumppu
18%
Ehtoja vastaavia visoja ei löytynyt
Tulosjakauma
Jokaisen tuloksen saaneiden osuus
Persentiili vastausten määrän mukaan
Tuloshistoriasi
Et ole pelannut tätä visaa sen viimeisimmän päivityksen jälkeen